000 00413 a2200169 4500
001 44243
020 _a9788526265332
040 _cAnchieta - Aquarius
100 _aGoschl, Bettina
240 1 0 _aO cachecol que sempre ficava mais comprido
_lpor
245 1 0 _aO cachecol que sempre ficava mais comprido
300 _a29
362 0 _a2007
440 1 _aScipione
650 4 _aLiteratura juvenil
942 _cBK
999 _c44243
_d44243